ལེགས་བཤད་ལྗོན་དབང་གི་རྣམ་བཤད་སྨན་ལྗོངས་བློ་གསར་སྒྲོན་མེ་ཞེས་བྱ་བ་བཞུགས་སོ། (Record no. 9157)

MARC details
000 -LEADER
fixed length control field 00546nam a22001337a 4500
008 - FIXED-LENGTH DATA ELEMENTS--GENERAL INFORMATION
fixed length control field 221004b |||||||| |||| 00| 0 eng d
020 ## - INTERNATIONAL STANDARD BOOK NUMBER
International Standard Book Number 9789998080829
082 ## - DEWEY DECIMAL CLASSIFICATION NUMBER
Classification number 495.45 RIN
100 ## - MAIN ENTRY--PERSONAL NAME
Personal name Rinzin, Tshewang
245 ## - TITLE STATEMENT
Title ལེགས་བཤད་ལྗོན་དབང་གི་རྣམ་བཤད་སྨན་ལྗོངས་བློ་གསར་སྒྲོན་མེ་ཞེས་བྱ་བ་བཞུགས་སོ།
260 ## - PUBLICATION, DISTRIBUTION, ETC.
Place of publication, distribution, etc. Thimphu :
Name of publisher, distributor, etc. Royal Monastic body,
Date of publication, distribution, etc. 2022.
300 ## - PHYSICAL DESCRIPTION
Extent xiv, 145 p.
Dimensions 24 cm.
942 ## - Added entry Elements (Koha)
Source of classification or shelving scheme Dewey Decimal Classification
Holdings
Withdrawn status Lost status Source of classification or shelving scheme Damaged status Not for loan Collection code Home library Current library Shelving location Date acquired Serial Enumeration / chronology Total Checkouts Full call number Barcode Date last seen Price effective from Koha item type Inventory number
    Dewey Decimal Classification     Dzongkha RTC Library RTC Library Dzongkha 04/10/2022 16671   495.45 RIN 30015985 04/10/2022 04/10/2022 Dzongkha  
    Dewey Decimal Classification     Dzongkha RTC Library RTC Library Dzongkha 10/02/2025     495.45 RIN 30020248 10/02/2025 10/02/2025 Dzongkha 191010
Royal Thimphu College || All Right Reserved